000 01319cam a22003614a 4500
001 16883103
003 AUA.1
005 20260312154507.0
008 110721s2011 mduab b 000 0 eng
010 _a 2011030669
020 _a9780828025928
035 _a16883103
040 _aDLC
_cDLC
_dDLC
042 _apcc
050 0 0 _aBS1556
_b.R66 2011
082 0 0 _a236/.9
_223
100 1 _aRoosenberg, Tim.
245 1 0 _aIslam & Christianity :
_bin prophecy /
_cTim Roosenberg with Tim Lale.
246 3 1 _aIslam and Christianity
260 _aHagerstown, MD :
_bReview and Herald Pub. Association,
_cc2011.
300 _a221 p. :
_bill., maps ;
_c23 cm.
504 _aIncludes bibliographical references.
630 0 0 _aBible.
_pDaniel, XI-XII
_xProphecies.
630 0 0 _aBible.
_pDaniel, XI-XII
_xCriticism, interpretation, etc.
650 0 _aChristianity and other religions
_xIslam.
650 0 _aIslam
_xRelations
_xChristianity.
650 0 _aSeventh-Day Adventists
_xDoctrines.
700 1 _aLale, Tim,
_d1964-
906 _a7
_bcbc
_corignew
_d1
_eecip
_f20
_gy-gencatlg
942 _2lcc
_cBOOK
_hBS 1556
_i.R66 2011
999 _c25319
_d25319